000 00974nam a2200241 a 4500
001 000025415
005 20200930023755.0
008 110215s1960 sp r 001 0 spa d
040 _aDO-SdBNP
_bspa
_cBNPHU
041 1 7 _aspa
_hfre
_2Código de idiomas MARC
082 _ann*
_bnn*
100 1 _aBarbier, Pierre.
_952017
240 1 3 _aLe progrès technique et l´organisation de travail, bases du progrès social.
_lEspañol
245 1 3 _aEl progreso técnico y la organización del trabajo /
_cPierre Barbier ; traducción de Manuel López y López.
260 _aMadrid :
_bTaurus,
_c1960.
300 _a364 p. ;
_c21 cm.
490 1 _aCiencia y sociedad.
_v4
534 _aTítulo original :
_tLe progrès technique et l´organisation de travail, bases du progrès social
500 _aIncluye referencias bibliográficas y notas al pie de las páginas.
700 1 _aLópez y López, Manuel,
_etr.
_952018
830 0 _aCiencia y sociedad.
_v4
_921065
049 _aBNGR
999 _c24907
_d24907